000 00677nam a2200229Ia 4500
003 OSt
005 20220928143817.0
006 a|||||r|||| 00| 0
007 ta
008 220927b |||||||| |||| 00| 0 eng d
024 _a23173
037 _cTextual
040 _aSDCL
_cSDCL
_beng
041 _2eng
_aeng
082 _aW81, L3
100 _aSpringer Philip B Ed.
_9506102
245 0 _aRevolutionaries on revolution
_b Participants' perspectives on the strategies of seizing power
260 _c1973
700 _a Truzzi Marcello Ed.
_9506103
942 _hW81, L3
_cTEXL
_2CC
999 _c825119
_d825119